O katolicitu Trnavskej univerzity

Bibliographic Details
Main Author: Šimončič, Jozef, 1928-2020 (Author)
Format: Article
Language:Slovak
PhysicalDescription:Fotogr.
Subjects:

MARC

LEADER 00000nab a2200000 a 4500
001 vtls000695395
003 SK-MaSNL
005 20260305032344.0
008 250425c1999 xo 0 slo
015 |a SNBRB1999/06-16584 
035 |a CLN000047562 
035 |a urn:nbn:sk:snk-ab7bhd 
035 |a (uuid)a4205366-e6a2-4f75-a6f9-beff92ad55d4 
035 |a (urnnbn)urn:nbn:sk:snk:ar-a07hcg 
035 |a (sysno)vtls000695395 
040 |a SNKBUCL  |b slo  |c SNKBUCL  |e AACR2 
041 0 |a slo 
044 |a xo  |c SK 
080 |a 378.4(437.6)  |2 1997 
100 1 |a Šimončič, Jozef,  |d 1928-2020  |4 aut  |9 101128 
245 1 0 |a O katolicitu Trnavskej univerzity  |c Jozef Šimončič 
300 |b Fotogr. 
610 2 7 |a Trnavská univerzita v Trnave  |2 snkbucl  |9 32716 
651 7 |a Trnava (Slovensko : okres)  |2 snkbucl  |9 51837 
655 7 |a články z novín a časopisov  |2 snkbucl  |9 267496 
773 0 |t Forum scientiae et sapientiae  |g Roč. 6, č. 1-2 (1999), s. 17-18 
850 |a Slovenská národná knižnica 
852 |a Slovenská národná knižnica 
954 |a odborná, vedecká literatúra pôvodná (slovenská)  |2 lita 
958 |a article27 
958 |a SK 
958 |a OND 
958 |a EUIPO 
992 |a RBX 
999 |c 3319739  |d 3321669